000 04694nam0a2200469 4500
001 RU\NLR\BIBL_A\012870320
005 20231115115239.0
010 _a978-5-9929-0960-9
_9100
021 _aRU
_bКН-П-22-039190
_9КН-П-22-3384
035 _a(NLR Aleph) 012870320
035 _a(RuMoRGB)011112454
090 _a12487031
_c12487031
100 _a20220818d2021 k y0rusy50 ca
101 0 _arus
102 _aRU
105 _a z 000zy
181 0 _ai
_baxxe
182 0 _an
200 1 _aПовышение эффективности, надежности и экологической безопасности автоматизированных систем теплоснабжения
_eмонография
_fПетров С. П., Пилипенко А. В., Маркин Н. И., Никитенко О. С.
_gМинистерство науки и высшего образования Российской Федерации, Федеральное государственное бюджетное образовательное учреждение высшего образования Орловский государственный университет имени И. С. Тургенева
203 _aТекст
_bвизуальный
_cнепосредственный
210 _aОрёл
_cОГУ
_d2021
215 _a328 с.
_d21
300 _aАвт. указаны на обороте тит. с.
320 _aБиблиогр.: с. 274-297 (227 назв.)
330 _aПредставлен анализ общего состояния комбинированных систем теплоснабжения. Рассмотрены е факторы, оказывающие влияние на эффективность, надежность и экологическую безопасность управления температурным режимом зданий, отапливаемых от комбинированных систем теплоснабжения. На основе эшелонного представления с использованием операторного метода сформирована новая структура модели системы управления АСУ КСТ, в которой уменьшено влияние транспортного запаздывания в системе управления. Приведен анализ существующей модсли управления. Выполнен синтез модели АСУ КСТ по двум взаимосвязанным критериям: интегральной квадратической оценке качества переходного процесса и интегральному показателю минимума энергетических затрат. Приведены результаты теоретических исследований на устойчивость и управляемость САУ Раскрыты особенности теплового и гидравлического режимов условиях автоматического управления. Приведены результаты моделирования комбинированных систем теплоснабжения
606 1 _aТеплоэнергетические системы
_xАСУТП
_2nlr_sh2
_3RU\NLR\AUTH\661530392
606 1 _aТеплоэнергетические системы
_xЭкологическая безопасность
_2nlr_sh2
_3RU\NLR\AUTH\6601564211
606 1 _aТеплоэнергетические системы
_xЭкономическая эффективность
_2nlr_sh2
_3RU\NLR\AUTH\661533277
606 1 _aТеплоэнергетические системы
_xНадежность
_2nlr_sh1
_2nlr_sh2
_3RU\NLR\AUTH\661361610
675 _a697.34:004
_v4
686 _a31.38с51
_2rubbks
686 1 _aЗ38-05
701 1 _aПетров
_bС. П.
_cд-р техн. наук
_gСергей Петрович
_3RU\NLR\AUTH\77123560
701 1 _aПилипенко
_bА. В.
_gАлександр Витальевич
701 1 _aМаркин
_bН. И.
_cканд. техн. наук, штампы
_gНиколай Иванович
_3RU\NLR\AUTH\7795967
702 1 _aНикитенко
_bО. С.
_gОльга Сергеевна
712 0 2 _aОрловский государственный университет им. И. С. Тургенева
_3RU\NLR\AUTH\889941274
_4475
942 _cBOOK
980 _aNB